| 000 | 00585 a2200217 4500 | ||
|---|---|---|---|
| 005 | 20260513103543.0 | ||
| 008 | 260511b |||||||| |||| 00| 0 eng d | ||
| 020 |
_a9788170770580 _cRs. 450.00 |
||
| 040 | _aMAIN | ||
| 082 |
_a181.48 _bS24V |
||
| 100 | _aUdyaveer, Shastri | ||
| 245 | _aVedant darshan ka itihas | ||
| 260 |
_aGaziyabad _bVijaykumar Govindram Hasanand _c2025 |
||
| 300 | _a463 | ||
| 440 | _aUdayveer shastri granthavali | ||
| 650 | _aPhilosophy | ||
| 650 | _aEastern Philosophy | ||
| 650 | _aIndian Philosophy | ||
| 650 | _aVedanta Philosophy | ||
| 942 | _cBK | ||
| 999 |
_c397066 _d397066 |
||